000 00858nab a2200253 u 4500
001 14936
003 HDC
007 cr bn ---aaaaa
008 210201b20140411my ||||| |||| 00| 0 may d
040 _aHDC
245 0 _aEra baru FELCRA
260 _aKuala Lumpur :
_bThe New Straits Times Press (M) Bhd.,
_c2014
300 _a1 online resource
336 _atext
_2rdacontent
337 _acomputer
_2rdamedia
338 _aonline resource
_2rdacarrier
610 _aLembaga Pemuliharaan dan Penyatuan Tanah Negara.(FELCRA)
_915288
650 _aLand use
_zMalaysia.
_915289
710 _aHarian Metro,
_eissung body
856 _zRequest full-text at [email protected]
942 _2lcc
942 _cNEWS
942 _kNWSC 003230
999 _c12252
_d12252